000 00534nam a22001697a 4500
999 _c62534
_d62534
005 20241202165305.0
008 241202s2007 enk||||| |||| 00| 0 eng d
020 _a9780061284144x
041 _aeng
080 _a005 K-51
100 _aKlaus, Peggy
_923842
245 _aThe Hard Truth About Soft Skills:
_bWorkplace Lessons Smart People Wish They'd Learned Sooner /
_cPeggy Klaus.
264 _aNew York :
_bHarper,
_c2007.
300 _a190 p.
_b21 cm.
653 _aმენეჯმენტი
942 _2udc
_cᲬᲘᲒᲜᲘ